MARC details
| 000 -CABECERA |
| campo de control de longitud fija |
00979nam a2200241 a 4500 |
| 001 - NÚMERO DE CONTROL |
| campo de control |
000003228 |
| 005 - FECHA Y HORA DE LA ÚLTIMA TRANSACCIÓN |
| campo de control |
20260330121013.0 |
| 008 - DATOS DE LONGITUD FIJA--INFORMACIÓN GENERAL |
| campo de control de longitud fija |
090707s1996 dr a r 001 0 spa d |
| 040 ## - FUENTE DE LA CATALOGACIÓN |
| Centro catalogador/agencia de origen |
DO-SdBNP |
| Lengua de catalogación |
spa |
| Centro/agencia transcriptor |
BNPHU |
| 082 ## - NÚMERO DE LA CLASIFICACIÓN DECIMAL DEWEY |
| Número de clasificación |
340.115 |
| Número de documento/Ítem |
C413d |
| 100 1# - ENTRADA PRINCIPAL--NOMBRE DE PERSONA |
| Nombre de persona |
Cerda, Henry |
| 9 (RLIN) |
10178 |
| 245 10 - MENCIÓN DE TÍTULO |
| Título |
Derecho, política y sociedad / |
| Mención de responsabilidad, etc. |
Henry Cerda ; prólogo Julián Serulle R. |
| 260 ## - PUBLICACIÓN, DISTRIBUCIÓN, ETC. |
| Lugar de publicación, distribución, etc. |
Santiago, República Dominicana : |
| Nombre del editor, distribuidor, etc. |
Central, |
| Fecha de publicación, distribución, etc. |
1996. |
| 300 ## - DESCRIPCIÓN FÍSICA |
| Extensión |
133 p. : |
| Otras características físicas |
il. ; |
| Dimensiones |
21 cm. |
| 505 0# - NOTA DE CONTENIDO CON FORMATO |
| Nota de contenido con formato |
Prólogo / |
| Mención de responsabilidad |
Julián Serulle R. -- |
| Título |
Opinión pública -- |
| -- |
Nuestra sociedad -- |
| -- |
Las eleccciones del año 1994. |
| 590 ## - NOTA LOCAL (RLIN) |
| Nota local |
Inventariado, 2018/BT |
| 650 #0 - PUNTO DE ACCESO ADICIONAL DE MATERIA--TÉRMINO DE MATERIA |
| Término de materia o nombre geográfico como elemento de entrada |
Estado de derecho |
| 9 (RLIN) |
10179 |
| 650 #4 - PUNTO DE ACCESO ADICIONAL DE MATERIA--TÉRMINO DE MATERIA |
| Término de materia o nombre geográfico como elemento de entrada |
Elecciones |
| Subdivisión geográfica |
República Dominicana |
| Subdivisión general |
Ensayos, conferencias ,etc. |
| 9 (RLIN) |
10180 |
| 651 #0 - PUNTO DE ACCESO ADICIONAL DE MATERIA--NOMBRE GEOGRÁFICO |
| Nombre geográfico |
República Dominicana |
| Subdivisión general |
Política y gobierno |
| 9 (RLIN) |
45 |
| 651 #4 - PUNTO DE ACCESO ADICIONAL DE MATERIA--NOMBRE GEOGRÁFICO |
| Nombre geográfico |
República Dominicana |
| Subdivisión general |
Condiciones Sociales |
| 9 (RLIN) |
46 |
| 700 1# - PUNTO DE ACCESO ADICIONAL--NOMBRE DE PERSONA |
| Nombre de persona |
Serulle R., Julián, |
| Término indicativo de función/relación |
pról. |
| 9 (RLIN) |
10181 |
| 910 ## - DATOS DE OPCIÓN DEL USUARIO (OCLC) |
| Datos de opción del usuario |
Validado. Control de calidad. EMS |